000 03412cim a2200745 i 4500
999 _c529806
_d529806
001 19450607
003 NUST
005 20191003123023.0
007 sd fsngnnmmned
008 170113s2016 nyunnn| f | eng d
010 _a 2016611860
020 _a9781478930006
020 _a1478930004
028 0 1 _a2-X3000
_bHachette Audio
035 _a(OCoLC)ocn947086704
038 _awaseem
040 _aCNFSP
_beng
_erda
_cCNFSP
_dOCLCO
_dIZ2
_dOCLCO
_dFIC
_dOCLCO
_dOCLCF
_dOCLCO
_dAW3
_dOCLCO
_dDLC
042 _alccopycat
050 0 0 _aSDC 77466
082 0 4 _a813.6
_bBAL
100 1 _aBaldacci, David,
_eauthor.
_96689
245 1 4 _aThe last mile /
_cDavid Baldacci.
250 _aUnabridged.
264 1 _aNew York, NY :
_bHachette Audio,
_c[2016]
300 _a10 audio discs (approximately 12 hrs) :
_bdigital ;
_c4 3/4 in.
306 _a120000
336 _aspoken word
_bspw
_2rdacontent
337 _aaudio
_bs
_2rdamedia
338 _aaudio disc
_bsd
_2rdacarrier
344 _adigital
_boptical
_2rda
347 _aaudio file
_bCD audio
_2rda
490 1 _a[Amos Decker series]
500 _aTitle from container.
511 0 _aRead by Kyf Brewer, Orlagh Cassidy.
520 _aMelvin Mars awaits his fate on Death Row. He was one of America's most promising football stars until, aged twenty-years-old, he was arrested and convicted for the murder of his parents just as he was due to begin a very lucrative contract with the NFL. When Amos Decker, newly appointed special agent with the FBI, hears the news that Melvin was saved in the final seconds before his execution because someone has confessed to the killings, he persuades his boss to allow him to carry out an investigation into the Mars murders.
610 1 0 _aUnited States.
_bFederal Bureau of Investigation
_vFiction.
_97579
610 1 7 _aUnited States.
_bFederal Bureau of Investigation.
_2fast
_0(OCoLC)fst00528882
_922643
650 0 _aFootball injuries
_vFiction.
_922644
650 0 _aMemory
_vFiction.
_922645
650 0 _aMurder
_xInvestigation
_vFiction.
_98002
650 0 _aPolice
_vFiction.
_922646
650 0 _aGovernment investigators
_vFiction.
_910910
650 0 _aDeath row inmates
_vFiction.
_912116
650 7 _aDeath row inmates.
_2fast
_0(OCoLC)fst00888720
_922647
650 7 _aFootball injuries.
_2fast
_0(OCoLC)fst00931422
_922648
650 7 _aGovernment investigators.
_2fast
_0(OCoLC)fst00945386
_922649
650 7 _aMemory.
_2fast
_0(OCoLC)fst01015913
_91778
650 7 _aMurder
_xInvestigation.
_2fast
_0(OCoLC)fst01029788
_922540
650 7 _aPolice.
_2fast
_0(OCoLC)fst01068398
_922650
655 7 _aThrillers (Fiction)
_2lcgft
_922542
655 7 _aDetective and mystery fiction.
_2lcgft
_922541
655 7 _aAudiobooks.
_2lcgft
_922543
655 7 _aSuspense fiction.
_2gsafd
_94577
655 7 _aAudiobooks.
_2fast
_0(OCoLC)fst01726208
_922543
655 7 _aDetective and mystery fiction.
_2fast
_0(OCoLC)fst01726581
_922541
655 7 _aFiction.
_2fast
_0(OCoLC)fst01423787
_914229
655 7 _aSuspense fiction.
_2fast
_0(OCoLC)fst01726755
_94577
655 7 _aSuspense fiction.
_0(AW3)366460.
_94577
700 1 _aBrewer, Kyf,
_enarrator.
_922651
700 1 _aCassidy, Orlagh,
_enarrator.
_922652
800 1 _aBaldacci, David.
_tAmos Decker series.
_922653
906 _a7
_bcbc
_ccopycat
_d2
_encip
_f20
_gy-soundrec
942 _2ddc
_cBK